Minecraft Items: Armor Trims by Icon - Statistics

General Stats
  • This quiz has been taken 20 times
  • The average score is 14 of 18
Answer Stats
Picture Answer % Correct
Dune
92%
Eye
92%
Rib
92%
Silence
92%
Coast
85%
Flow
85%
Ward
85%
Bolt
77%
Vex
77%
Wayfinder
77%
Wild
77%
Snout
69%
Spire
69%
Tide
69%
Raiser
62%
Sentry
62%
Host
54%
Shaper
46%
No matching quizzes found
Score Distribution
Percent of People with Each Score
Percentile by Number Answered
Your Score History
You have not taken this quiz